Groupes et algebres de Lie
Αποθηκεύτηκε σε:
| Κύριος συγγραφέας: | |
|---|---|
| Μορφή: | Βιβλίο |
| Γλώσσα: | French |
| Δημοσίευση: |
Paris :
Masson,
1982
|
| Σειρά: | Bourbaki Nicolas. Elements de mathimatique. English
|
| Θέματα: | |
| Ετικέτες: |
Προσθήκη ετικέτας
Δεν υπάρχουν, Καταχωρήστε ετικέτα πρώτοι!
|
MARC
| LEADER | 00000nam a2200000 i 4500 | ||
|---|---|---|---|
| 001 | 1/74849 | ||
| 008 | 080219s1982 fre d | ||
| 020 | |a 2-225-76461-1 | ||
| 035 | |l 10094763 | ||
| 040 | |a GR-MY-UA |b gre |e aacr | ||
| 041 | 0 | |a fre | |
| 082 | 0 | |a 512.55 |2 (22) | |
| 100 | 1 | |a Bourbaki, Nicolas. | |
| 245 | 1 | 0 | |a Groupes et algebres de Lie / |c N. Bourbaki |
| 260 | |a Paris : |b Masson, |c 1982 | ||
| 300 | |a 138 σ.; |c 24 εκ. | ||
| 490 | 1 | |a Elements de mathematiques | |
| 505 | 0 | |a Chapt. 9 Groupes de Lie reels compacts | |
| 650 | 0 | 0 | |a Lie algebras. |
| 650 | 0 | 0 | |a Lie groups. |
| 740 | 0 | 2 | |a Groupes de Lie reels compacts |
| 830 | 0 | |a Bourbaki Nicolas. Elements de mathimatique. English | |
| 852 | |a INST |b SAMOS |e 20080219 |h 512.55 BOU |p 005300026843 |q 005300026843 |t BK |y 0 | ||
| 901 | |a BIBL3-2008-1 | ||
| 909 | |a Σ |b 142857 | ||
| 922 | |a 3ΕΛΗ |b 200712 |c ΕΠΕΑΕΚ2/ΤΜΗΜΑ ΜΑΘΗΜΑΤΙΚΩΝ |d ΕΛΕΥΘΕΡΟΥΔΑΚΗΣ | ||
| 970 | |a ΡΟΥΣΣΟΥ |b ΚΩΝΣΤΑΝΤΙΝΑ |z 2008/02/19 | ||